| 000 | 00614nam a22002057a 4500 | ||
|---|---|---|---|
| 005 | 20180813172720.0 | ||
| 010 | _aENG-123837 | ||
| 020 |
_a9788171773367 _c875.00 |
||
| 035 | _aEN-107369 | ||
| 037 | _bDBAD/PUB | ||
| 082 | _a346.54054 | ||
| 100 | _aBag, R.K. | ||
| 245 |
_aWills : _cby R.K. Bag [and] D.P. Dey _blaw and practice / |
||
| 260 |
_c2018 _aKolkata _bEastern Law House Private Ltd. |
||
| 270 |
_bKolkata _a54 Ganesh Chunder Avenue, _e700013 |
||
| 300 |
_a382p. _c22cm.(Hb) |
||
| 500 | _aIt includes appendix and index | ||
| 700 | _aDey, D.P. | ||
| 942 |
_2ddc _cEN _h346.54054 _mBAG |
||
| 999 |
_c155721 _d155721 |
||